Which TV Character's Catchphrase? Quiz Stats

 Plays Quiz Updated Oct 7, 2016

Also try: Sitcoms by T-Shirt
Challenge
Share
Tweet
Embed
Score 0/22 Timer 06:00
11 Plays Today
Question Answer Wrong Answers
Yabba dabba doo!
The Flintstones
Fred Flintstone
94.7%
Wilma Flintstone
0.4%
Barney Rubble
1.8%
Betty Rubble
0.3%
How you doin'?
Friends
Joey Tribbiani
92.9%
Phoebe Buffay
0.8%
Chandler Bing
2.6%
Rachel Green
0.7%
Bazinga!
The Big Bang Theory
Sheldon Cooper
92.2%
Howard Wolowitz
3%
Penny
0.8%
Bernadette Rostenkowski
1%
Aaaaaaaaay!
Happy Days
Arthur Fonzarelli
89.8%
Ralph Malph
2.3%
Richie Cunningham
2.6%
Potsie Weber
1.8%
Did I do that?
Family Matters
Steve Urkel
88.2%
Carl Winslow
2.8%
Eddie Winslow
3.1%
Laura Winslow
2.3%
Eat my shorts!
The Simpsons
Bart Simpson
88%
Homer Simpson
8.1%
Marge Simpson
0.4%
Lisa Simpson
0.5%
It's gonna be legen — wait for it — dary.
How I Met Your Mother
Barney Stinson
87%
Marshall Eriksen
2.6%
Ted Mosby
4.9%
Robin Scherbatsky
2.1%
What'choo talkin' 'bout, Willis?
Diff'rent Strokes
Arnold Jackson
84.5%
Phillip Drummond
7.5%
Edna Garrett
2%
Kimberly Drummond
2.1%
You hear that, Elizabeth? I'm coming to join you, honey!
Sanford and Son
Fred Sanford
78.3%
Lamont Sanford
9.1%
Esther Anderson
4.3%
Grady Wilson
3.9%
Dy-no-mite!
Good Times
J.J. Evans, Jr.
75.5%
Florida Evans
5%
Willona Woods
4.4%
James Evans
10.7%
Danger Will Robinson!
Lost in Space
The Robot
74.9%
Dr. Zachary Smith
6.3%
Dr. John Robinson
9.3%
Major Don West
5.2%
Marcia, Marcia, Marcia!
The Brady Bunch
Jan Brady
73.8%
Cindy Brady
9.5%
Bobby Brady
5.7%
Mike Brady
7.2%
Make it so.
Star Trek - The Next Generation
Jean-Luc Picard
73%
Data
10.9%
William Riker
7.2%
Geordi La Forge
4.7%
Book 'em, Danno.
Hawaii Five-O
Steve McGarrett
71.2%
Chin Ho Kelly
7.1%
Kono Kalakaua
8%
Duke Lukela
9.5%
Stifle!
All in the Family
Archie Bunker
70.1%
Edith Bunker
10.1%
Mike Stivic
9.4%
Gloria Stivic
5.9%
God will get you for that!
Maude
Maude Findlay
69.6%
Carol Traynor
7.5%
Arthur Harmon
8.4%
Vivian Harmon
9.8%
Baby, you're the greatest.
The Honeymooners
Ralph Kramden
69%
Alice Kramden
7.3%
Ed Norton
13.4%
Trixie Norton
5.7%
Tenk you veddy much.
Taxi
Latka Gravas
65.8%
Jim 'Iggy' Ignatowski
18.2%
Louie De Palma
8.5%
Alex Rieger
3.2%
Damn it, Jim! I'm a doctor, not a...
Star Trek
Leonard McCoy
65.4%
Spock
18.4%
Montgomery Scott
10.3%
Nyota Uhura
2.3%
Cut it out.
Full House
Joey Gladstone
54.7%
Jesse Katsopolis
10.6%
Danny Tanner
13.7%
DJ Tanner
17.4%
George is getting upset!
Seinfeld
George Costanza
54.5%
Cosmo Kramer
9.8%
Elaine Benes
9.4%
Jerry Seinfeld
22.6%
I love it when a plan comes together.
The A-Team
Hannibal
52.3%
Murdock
22.4%
B.A. Baracus
14.7%
Templeton 'Face' Peck
6.7%

You're not logged in!

Compare scores with friends on all Sporcle quizzes.
OR
Log In

You Might Also Like...

Show Comments

Extras

Top Quizzes Today


Score Distribution

Your Account Isn't Verified!

In order to create a playlist on Sporcle, you need to verify the email address you used during registration. Go to your Sporcle Settings to finish the process.

Report this User

Report this user for behavior that violates our Community Guidelines.

Details: